MDQL
is popping MORE tags! Check the
thread
!
Quizzes
Events
Quiz Creation
Community
Videos
Private Events
Remove Ads
Sign In
Join for FREE
Feedback
Dark Mode
Quiz Categories
Sports
Geography
Music
Movies
Television
Just For Fun
Miscellaneous
History
Literature
Language
Science
Gaming
Entertainment
Religion
Holiday
For Kids
Quiz Lab
Recent
Popular Today
Quiz Kudos Today
Editor Picks
Curator Picks
Quizzes by...
Day
Popularity
Type
Ratings
Length
Year
Community
Subscriptions
Recent Discussions
Orange Saloon
Badges
Playlists
Quests
Create
Leaderboards
Showdown
Live 5
Trivia Bingo
Activity
Puzzle Library
Sporcle Events
Private Events
Virtual Trivia
Globe League
Become a Host
Pub Owners
SporcleCon
Opinionation
Our Games
Videos
Blog
Mobile Apps
Partnerships
Remove Ads and Go Orange
Feedback
Sports
Athletes
MLB
NBA
NHL
NFL
Soccer
Sports Teams
WWE
NCAA
Football
Premier League
Basketball
Baseball
Hockey
Golf
Tennis
Cricket
Rugby
Auto Racing
Olympics
World Cup
Sports
Athletes
MLB
NBA
NHL
NFL
Soccer
Sports Teams
WWE
NCAA
Football
Premier League
Basketball
Baseball
Hockey
Golf
Tennis
Cricket
Rugby
Auto Racing
Olympics
World Cup
Random Quiz
Search Sporcle
×
Quiz Lab
Quiz Lab
Sports
NBA
Type in answers that appear in a list
Type in answers that appear in a list
Classic
Best Score? Go Orange.
5+ 3PA in 70 or more games Stats
Can you name the NBA players who had 70 or more games in a single year where they attempted at least five (5) 3-point FG?
By
jsnellerwm
9m
72 Questions
292 Plays
292 Plays
292 Plays
Comments
Comments
Give Quiz Kudos
Give Quiz Kudos
-
- Ratings
hide this ad
Replay
Link that replays current quiz
Next Quiz
Link to next quiz in quiz playlist
You Got
0%
They Got
Avg Score
81%
Avg Friend Score
Upgrade to see
Score Distribution
Jump to the score distribution portion of the page
Score
0/72
Timer
09:00
0
Plays Today
G
Player
% Correct
96
Stephen Curry (2015-16)
99.7%
95
Stephen Curry (2014-15)
99.7%
94
Stephen Curry (2016-17)
99.7%
88
Stephen Curry (2018-19)
99.7%
82
Stephen Curry (2012-13)
99.7%
74
Stephen Curry (2013-14)
99.7%
94
Klay Thompson (2015-16)
99%
91
James Harden (2016-17)
99%
88
James Harden (2018-19)
99%
87
James Harden (2017-18)
99%
85
Klay Thompson (2014-15)
99%
85
Klay Thompson (2016-17)
99%
85
Klay Thompson (2018-19)
99%
82
James Harden (2015-16)
99%
82
Klay Thompson (2017-18)
99%
81
James Harden (2014-15)
99%
71
Klay Thompson (2012-13)
99%
91
Damian Lillard (2018-19)
98.6%
81
Damian Lillard (2015-16)
98.6%
77
Damian Lillard (2013-14)
98.6%
77
Damian Lillard (2014-15)
98.6%
75
Damian Lillard (2017-18)
98.6%
74
Damian Lillard (2016-17)
98.6%
76
Ray Allen (2004-05)
95.5%
73
Ray Allen (2005-06)
95.5%
72
Ray Allen (2007-08)
95.5%
84
Kyle Lowry (2015-16)
94.9%
81
Kyle Lowry (2017-18)
94.9%
75
Kyle Lowry (2018-19)
94.9%
72
Kyle Lowry (2013-14)
94.9%
84
Antoine Walker (2001-02)
92.8%
79
Kemba Walker (2018-19)
92.8%
74
Antoine Walker (2002-03)
92.8%
71
Kemba Walker (2017-18)
92.8%
72
Kevin Durant (2013-14)
91.1%
70
Kevin Durant (2015-16)
91.1%
G
Player
% Correct
70
Kyrie Irving (2016-17)
91.1%
70
Russell Westbrook (2016-17)
90.4%
74
Paul Pierce (2001-02)
87.3%
79
Paul George (2018-19)
86.3%
77
Paul George (2017-18)
86.3%
76
Paul George (2013-14)
86.3%
74
Paul George (2015-16)
86.3%
76
Bradley Beal (2016-17)
86%
70
C.J. McCollum (2015-16)
84.6%
85
Isaiah Thomas (2016-17)
80.1%
82
Eric Gordon (2016-17)
80.1%
79
Eric Gordon (2017-18)
80.1%
73
Eric Gordon (2018-19)
80.1%
70
J.R. Smith (2015-16)
78.1%
80
J.J. Redick (2018-19)
73.6%
74
Donovan Mitchell (2017-18)
71.6%
77
Gilbert Arenas (2004-05)
69.5%
84
Rashard Lewis (2008-09)
69.2%
78
Rashard Lewis (2007-08)
69.2%
73
Buddy Hield (2018-19)
65.1%
72
Khris Middleton (2018-19)
64.7%
74
D'Angelo Russell (2018-19)
61%
74
Peja Stojakovic (2003-04)
59.6%
77
Trevor Ariza (2014-15)
58.6%
73
Trevor Ariza (2016-17)
58.6%
74
Jason Richardson (2007-08)
57.9%
74
Quentin Richardson (2004-05)
57.9%
82
Tim Hardaway Sr. (1996-97)
53.8%
70
Joe Ingles (2017-18)
49%
73
Damon Jones (2004-05)
48.6%
79
Dennis Scott (1995-96)
40.1%
71
Wesley Matthews (2013-14)
37%
75
John Starks (1994-95)
33.6%
81
Mookie Blaylock (1996-97)
27.4%
78
Mookie Blaylock (1995-96)
27.4%
70
Rafer Alston (2006-07)
15.1%
Quiz Playlist
Details
Report
Send in Message
Add To Playlist
Classic:
Type in answers that appear in a list
Last Updated: Sep 11, 2019
Quiz Scoreboard
CHALLENGE
Sign Up to Join the Scoreboard
Show All
Scores
Hide
Comments
May contain spoilers
Recently Published
Holiday 10x10 Sorting Gallery
by lukepisani3
Holiday
15m
Two Season TV Shows II
by 123Four
Television
10m
Image Sorting: Flags VI
by Barbecue
Geography
2m
More to Explore
Quiz From the Vault
Featured Blog Post
14 Easter Pick-up Lines to Find Eggs With
hide this ad
You Might Also Like...
Tags
NBA Quiz
3-point
Attempted
Five
least
Player
Single
team
Today's Top Quizzes in Sports
Browse Sports
hide this ad
Today's Top Quizzes in NBA
Browse NBA
Top Contributed Quizzes in Sports
1
Les meilleurs buteurs des matchs entre le PSG et l’OM
2
Les entraîneurs de l'OM et du PSG au 21e siècle
3
2022 World Cup Stars
4
Players with Multiple 50 Home Run Seasons
5
Les joueurs passés par le PSG et l'OM
6
FIFA Club World Cup Champions
7
Top 10 NHL Goal Scorers of All Time
8
Criteria MLB: Left Handed Sluggers
9
Les joueurs passés par le LOSC et le RC Lens
10
2023 MLB Unique Player Accomplishments
Explore More
Trending Topics
Disney
NBA
Marvel
Harry Potter
Kpop
Anime
Crossword
WWE
NFL
Puzzle
The Office
Song
Soccer
Pokémon
Country
hide this ad
More By:
jsnellerwm
Quiz
Plays
Rating
Category
Featured
Created
NBA Draft Class Top Scorers
67,425
4.87
Sports
Dec 28, 2016
NBA Playoff Point Leaders
52,160
4.77
Sports
Apr 25, 2017
30-Points in NBA Finals Decider
52,116
4.69
Sports
Jun 13, 2017
NBA Quickest to 500 Points
47,709
4.69
Sports
Jun 26, 2017
NBA: 1,000 Games, 75% Starts
42,204
4.70
Sports
Dec 27, 2016
Go to Creator's Profile
Score Distribution
Quiz Creator Spotlight
jsnellerwm
Follow
Send a Message
Quizzes Created
-
Created Quiz Play Count
-
More By This Creator
Popular Quizzes Today
1
Find the US States - No Outlines Minefield
2
Colored Red Africa Blitz
3
Find the 'City' Movie
4
The Countries of the World
5
Find the US States
6
5x2 Blitz: Bands
7
Find the Countries of Europe - No Outlines Minefield
8
US States
More Sports Quizzes
Manchester City Youth Team Graduates
Quiz Lab
Trending Quizzes
Colored Red Europe Blitz I
Colored Red Europe Blitz II
Colored Red Africa Blitz II
Colored Red Europe Blitz III
Colored Red Africa Blitz III
Recently Updated
Odd Team Out - Big 4 Players
pecheneg
Quick Pick: 20 Twenties
pecheneg
March Madness Men's Triple Doubles
pecheneg
How Do You Spell That?
pecheneg
Godzilla Movies
pecheneg
Grab Bag: 4-10 Letters
pecheneg
2024 March Madness Bracket
pecheneg
Famous TV Couples
Peacemaker
Champions League XIs: Real Madrid
pecheneg
Largest US Cities 1790-2010
pecheneg
Trending Topics
Marvel
Anime
NBA
Harry Potter
Crossword
Disney
Kpop
Pokémon
NFL
Country
Puzzle
The Office
Soccer
WWE
Song
Your Account Isn't Verified!
In order to create a playlist on Sporcle, you need to verify the email address you used during registration. Go to your
Sporcle Settings
to finish the process.
Report this User
Report this user for behavior that violates our
Community Guidelines
.
Details:
Send Report
Go to the Sporcle.com Mobile Site →
Comments